Countries Most Similar To Botswana - Statistics

General Stats
  • This quiz has been taken 42 times
  • The average score is 17 of 20
Answer Stats
Rank Country Score % Correct
7 Kenya 71.2
100%
16 Mozambique 62.9
100%
1 Namibia 76.7
100%
2 South Africa 76.2
100%
10 Tanzania 67.6
100%
13 Angola 63.9
96%
5 Eswatini 72.9
96%
6 Lesotho 72.9
96%
4 Zambia 73.9
96%
3 Zimbabwe 76.1
96%
15 Rwanda 63.3
92%
12 Nigeria 66.2
88%
20 Republic of the Congo 62
88%
8 Ghana 69.4
81%
9 Malawi 68.6
81%
11 Uganda 67.1
81%
17 Cameroon 62.3
69%
19 Gabon 62.2
69%
18 South Sudan 62.3
58%
14 Burkina Faso 63.6
31%
No matching quizzes found
Score Distribution
Percent of People with Each Score
Percentile by Number Answered
Your Score History
You have not taken this quiz